<?xml version="1.0" encoding="UTF-8"?><?xml-stylesheet type="text/xsl" href="static/style.xsl"?><OAI-PMH xmlns="http://www.openarchives.org/OAI/2.0/" xmlns:xsi="http://www.w3.org/2001/XMLSchema-instance" xsi:schemaLocation="http://www.openarchives.org/OAI/2.0/ http://www.openarchives.org/OAI/2.0/OAI-PMH.xsd"><responseDate>2026-06-02T05:18:11Z</responseDate><request verb="GetRecord" identifier="oai:riuma.uma.es:10630/7260" metadataPrefix="marc">https://riuma.uma.es/rest/oai/request</request><GetRecord><record><header><identifier>oai:riuma.uma.es:10630/7260</identifier><datestamp>2026-02-03T11:20:17Z</datestamp><setSpec>com_10630_2254</setSpec><setSpec>col_10630_37953</setSpec></header><metadata><record xmlns="http://www.loc.gov/MARC21/slim" xmlns:dcterms="http://purl.org/dc/terms/" xmlns:doc="http://www.lyncode.com/xoai" xmlns:xsi="http://www.w3.org/2001/XMLSchema-instance" xsi:schemaLocation="http://www.loc.gov/MARC21/slim http://www.loc.gov/standards/marcxml/schema/MARC21slim.xsd">
   <leader>00925njm 22002777a 4500</leader>
   <datafield ind2=" " ind1=" " tag="042">
      <subfield code="a">dc</subfield>
   </datafield>
   <datafield ind2=" " ind1=" " tag="720">
      <subfield code="a">Ruiz-del-Olmo, Francisco Javier</subfield>
      <subfield code="e">author</subfield>
   </datafield>
   <datafield ind2=" " ind1=" " tag="260">
      <subfield code="c">2014-02-05</subfield>
   </datafield>
   <datafield ind2=" " ind1=" " tag="520">
      <subfield code="a">Desde el nacimiento de la radiodifusión, algunos radioaficionados y técnicos buscaron también la transmisión de imágenes por radio o radiofotografía. Aunque se enfrentaron a una tecnología excesivamente compleja para la época, y a un entorno político y social adverso, lo cierto es que se obtuvieron ocasionales resultados prácticos. El presente trabajo describe y analiza en ese sentido las prácticas pioneras y experimentales de transmisión de imágenes en España, desde los años 1918 hasta 1925, sus logros técnicos y los usos comunicativos y sociales definidos por sus creadores, en el contexto de las rápidas transformaciones que llevaron al asentamiento de la radiodifusión en el país.</subfield>
   </datafield>
   <datafield ind1="8" ind2=" " tag="024">
      <subfield code="a">Ruiz del Olmo, F. (2014). Radiofotografía y Teleinscripción: experiencias de transmisión de imágenes en los inicios de la radiodifusión en España. Historia Y Comunicación Social, 18, 27-38doi:10.5209/rev_HIC. S.2013.v18.44310</subfield>
   </datafield>
   <datafield ind1="8" ind2=" " tag="024">
      <subfield code="a">1137-0734</subfield>
   </datafield>
   <datafield ind1="8" ind2=" " tag="024">
      <subfield code="a">http://hdl.handle.net/10630/7260</subfield>
   </datafield>
   <datafield tag="653" ind2=" " ind1=" ">
      <subfield code="a">Imágenes - Transmisión</subfield>
   </datafield>
   <datafield tag="653" ind2=" " ind1=" ">
      <subfield code="a">Radiofrecuencia</subfield>
   </datafield>
   <datafield ind2="0" ind1="0" tag="245">
      <subfield code="a">Radiofotografía y Teleinscripción: experiencias de transmisión de imágenes en los inicios de la radiodifusión en España / Telephotography and Teleregistration: image transmission experiences at the beginning of broadcasting in Spain</subfield>
   </datafield>
</record>
</metadata></record></GetRecord></OAI-PMH>